000
00269nam a2200097Ia 4500
082
_a
658.453 FORS
245
0
_a
Powerful reports and proposals
100
_a
FORSYTH, Patrick London, 2003
_9
96510
942
_c
BK
008
210817s9999 xx 000 0 und d
999
_c
405726
_d
405725